10 miast gminy Bełchatowa - Statystyki

Ogólne statystyki
  • Ten quiz został rozwiązany 35 razy
  • Średni wynik to 4 z 10
Statystyki odpowiedzi
Ranga Odpowiedź % Poprawnych
1 Bełchatów
92%
2 Zelów
83%
3 Szczerców
58%
5 Kleszczów
54%
8 Kluki
50%
4 Drużbice
42%
6 Rogowiec
17%
9 Parzno
13%
7 Wola mikorska
13%
10 Groble
4%
Nie znaleziono quizów pasujących do podanych kryteriów
Rozkład punktacji
Procent ludzi z każdym wynikiem
Percentyl według liczby udzielonych odpowiedzi
Twoja historia wyników
Nie rozwiązałeś tego quizu